000 00487ntaaa2200193 4500
003 01
005 20251027201834.0
008 0714s1973 ag 01
040 _aAR-BaBN
_bspa
_cAR-BaBN
_eaacr
_dRIC
082 _a244.1000 B23
100 _aBarreiro, Julio A.
_916128
245 _aPantalones Cortos
250 _a1 ed.
260 _aBuenos Aires :
_bAurora,
_c1957
300 _a48 p ;
_cilu.
650 _acuentos-niños
_916718
650 _aeducación religiosa
_94601
942 _cBK
999 _c13076
_d13076